000
00343nam a2200145Ia 4500
008
221030s9999 xx 000 0 und d
041
_a
English
082
_a
105.23
_b
Blo
100
_a
N. Bloembergen
245
0
_a
Topics in Nonlinear Optics
260
_b
Indian Academy
_a
Bangalore
_c
1982
300
_a
291
650
_a
Physics
942
_c
BK
999
_c
1564
_d
1564